|
|
|
|
| LEADER |
00000nab a2200000uu 4500 |
| 001 |
vtls011141593 |
| 003 |
SK-MaSNL |
| 005 |
20260303111032.0 |
| 008 |
230121|1956 xo |||||||||||||||||cze| |
| 015 |
|
|
|a SNBRB
|
| 035 |
|
|
|a (urnnbn)urn:nbn:sk:snk:ar-008cmk
|
| 035 |
|
|
|a (uuid)fec29f73-751b-452a-8d74-745a073bc2b1
|
| 035 |
|
|
|a urn:nbn:sk:snk-abat9m
|
| 040 |
|
|
|a SNKBUCL
|b slo
|c SNKBUCL
|e AACR2
|
| 041 |
0 |
|
|a cze
|
| 044 |
|
|
|a xo
|c SK
|
| 100 |
1 |
|
|a Jírová, Miloslava,
|d 1919-
|4 aut
|9 6866
|
| 245 |
1 |
0 |
|a Dr M. Bartušková a kolektiv: "Pedagogika předškolního věku"
|c M. Jírová
|
| 773 |
0 |
|
|t Předškolní výchova
|g Roč. 10, č. 3 (1956), s. 104-106
|
| 954 |
|
|
|a odborná, vedecká literatúra cudzojazyčná (svetová)
|2 lita
|
| 958 |
|
|
|a OND
|
| 958 |
|
|
|a EUIPO
|
| 958 |
|
|
|a article14
|
| 999 |
|
|
|c 1874513
|d 1876443
|